Statistics for Största Städer i Småland

Click here to take the quiz!

General Stats

  • This quiz has been taken 96 times
  • The average score is 11 of 20

Answer Stats

BefolkningStad% Correct
93,797Jönköping
99%
65,383Växjö
99%
38,408Kalmar
94%
21,178Västervik
76%
18,287Oskarshamn
72%
19,061Värnamo
69%
17,719Nässjö
67%
13,430Vetlanda
64%
10,157Eksjö
63%
15,785Ljungby
61%
8,037Vimmerby
57%
13,039Nybro
52%
14,550Tranås
52%
10,180Gislaved
48%
8,627Alvesta
42%
5,374Sävsjö
41%
9,495Älmhult
39%
5,510Hultsfred
30%
8,506Bankeryd
8%
5,709Lindsdal
5%

Score Distribution

Percentile by Number Answered

Percent of People with Each Score

Your Score History

You have not taken this quiz